000 00371cam a22001217a 4500
008 180718b1991 xxu||||| |||| 00| 0 eng d
082 _aZ47x54 P884
245 _aWorld of the rural labourer in colonial India
_cedited by Gyan Prakash
260 _aDelhi
_bOxford University Press
_c1991
300 _a310p.
650 _aPeasants --India --History
700 _aGyan, Prakash
999 _c351525
_d351525